00764nam a2200241Ia 450000500170000000800410001702000180005802000150007608200170009110000290010824500450013725000360018230000250021849000320024365000280027565000330030365000350033626400280037133600270039933700330042633800280045904000350048720220317001351.0161108s9999 xx 000 0 und d a9789584232045 a958423204504a320.01bS18p1 aSavater, Fernandod1947-10aPolítica para AmadorcFernando Savater a1a. ediciónb2a reimpresión a198 páginasc23 cm aBiblioteca Fernando Savater142LEMB aEtica política142LEMB aCiencias políticas 142LEMB aFilosofía política  a[Bogotá]bArielc2007 atextobtxt2rdacontent asin mediaciónbn2rdamedia avolumenbnc2rdacarrier aCO-BoRNBPbspaerdacCO-BoRNBP